Top Ten Non-Medical Highest Paying Jobs in the US - Statistics

General Stats
  • This quiz has been taken 408 times
  • The average score is 3 of 10
Answer Stats
# Answer % Correct
3 Lawyer
79%
1 Chief Executive
58%
4 Architectural and Engineering Managers
53%
10 Airline Pilots
25%
7 Computer and Information Systems Managers
15%
5 Natural Sciences Manager
13%
6 Marketing Manager
5%
2 Petroleum Engineer
3%
9 Financial Managers
2%
8 Industrial-Organizational Psychologists
0%
No matching quizzes found
Score Distribution
Percent of People with Each Score
Percentile by Number Answered
Your Score History
You have not taken this quiz